000 00273nam a22001217a 4500
008 180206b xxu||||| |||| 00| 0 eng d
041 _aeng
080 _a37
100 _a48
101 _aedu
245 _avarities of quqalitative research
_cjohn.m..v
942 _2udc
_cBK
999 _c41945
_d41945